| 000 | 01975cam a22004574i 4500 | ||
|---|---|---|---|
| 003 | PE-LiUPU | ||
| 005 | 20250731165359.0 | ||
| 008 | 150922s2011 pe grm 000 0 spa d | ||
| 035 | _a(Sirsi) a154528 | ||
| 040 |
_aPE-LiUPU _bspa _cPE-LiUPU _erda |
||
| 099 |
_aTE 3 _bCH28 2011 |
||
| 100 | 1 |
_aChávez Lozano, Orestes Antonio _eautor |
|
| 245 | 1 |
_aImplicancias de la globalización en la formación de la cultura ética en los docentes de educación secundaria del Distrito de Ate Vitarte / _cOrestes Antonio Chávez Lozano. |
|
| 264 | 0 | _c2011. | |
| 300 |
_a132 hojas _c30 cm |
||
| 336 |
_atext _2rdacontent |
||
| 337 |
_aunmediated _2rdamedia |
||
| 338 |
_avolume _2rdacarrier |
||
| 502 |
_aTesis _b(Mg.) -- _cUniversidad Peruana Unión, _d2011. |
||
| 504 | _aIncluye referencias | ||
| 520 | 3 | _aPara explicar los cambios producidos en los últimos 20 años del siglo XX, modificaciones que obedecen a patrones internacionales, en las que la política global se ha vuelto multipolar y multicivilizacional es necesario fijar en los acontecimientos que marcan la historia de la humanidad hechos como el fin de la Guerra Fría en el plano de las relaciones internacionales, el término de la economía de planificación para dar paso a la economía del libre mercado. | |
| 526 | _aSEG44 | ||
| 526 | _aSEG26 | ||
| 526 | _aP151 | ||
| 526 | _aP150 | ||
| 526 | _aP149 | ||
| 526 | _aP146 | ||
| 526 | _aP145 | ||
| 526 | _aP126 | ||
| 526 | _aP125 | ||
| 526 | _aP92 | ||
| 526 | _aP75 | ||
| 526 | _aP74 | ||
| 526 | _aP27 | ||
| 526 | _aP15 | ||
| 650 | 0 | 4 |
_aProfesores de enseñanza secundaria _xÉtica _xGlobalización _vTesis. |
| 596 | _a1 | ||
| 942 |
_2ddc _cTESIS |
||
| 999 |
_aTE 3 CH28 2011 _wALPHANUM _c7229 _iT01208 _lCCODEBUL3 _mBUL _r1 _sY _tTESIS _u2015-9-22 _xPOSGRADO _PP57 _o.STAFF. Tesis _d7229 |
||
| 999 |
_aTE 3 CH28 2011 _wALPHANUM _c2 _iT01680 _lCCODEBUL3 _mBUL _r1 _sY _tTESIS _u2015-9-22 _xPOSGRADO _PP57 _o.STAFF. Tesis |
||
| 980 |
_81 _gALBERTO SANCHEZ Responsable de Automatización |
||